Представление документа в формате MARC21

Поле Инд. ПП Название Значение
Тип записи a
Библиографический уровень m
001 Контрольный номер 582f2d73-f748-4f7c-ac76-404609d6001d
005 Дата корректировки 20140703145424.6
008 Кодируемые данные 021024
020 c Цена, тираж б/ц
040 a Служба первич. каталог. НБ ТвГУ
041 a Код языка текста rus
080 a Индекс УДК 811.112.2'622'366.533(043.3)
084 a Индекс другой классификации/Индекс ББК Ш143.24-212.1-01я031
090 x Авторский знак У76
a Полочн. индекс Ш143.24
100 1_ a Автор Усова В. И.
245 10 a Заглавие Формы множественного числа имен существительных в технической литературе (на материале абстрактных и вещественных имен существительных современного немецкого языка)
b Продолж. заглавия автореф. дис. ... канд. филол. наук : 10663
c Ответственность Калинин. гос. ун-т
260 0_ a Место издания Калинин
b Издательство КГУ
c Дата издания 1972
300 a Объем 30 с.
500 a Примечание На правах рукоп.
504 a Библиография Библиогр. в конце кн. и в подстроч. примеч.
583 a Действие Получение впервые 314 01.09.2006
650 a Основная рубрика Немецкий язык
x Основная подрубрика Грамматика
x Основная подрубрика Технические термины
x Основная подрубрика Части речи
650 a Основная рубрика Существительное в немецком языке
x Основная подрубрика Грамматические категории
x Основная подрубрика Число (лингв.)
x Основная подрубрика Множественное число
653 a Ключевые слова Немецкий язык
a Ключевые слова Грамматика немецкого языка
a Ключевые слова Технические термины
a Ключевые слова Части речи
a Ключевые слова Существительное в немецком языке
a Ключевые слова Существительное в технической литературе
a Ключевые слова Грамматические категории
a Ключевые слова Число (лингв.)
a Ключевые слова Множественное число
a Ключевые слова Авторефераты
852 t Порядковый номер экземпляра 2
p Инвентарный номер б/н
888 a Бесплатные
930 a Новая/Ретро авторефераты
952 p 314.2006 б/ц 2 б/н
c Вид литературы А/Р н
954 a Дата поступления на обработку 20060904
999 a Подразделение 2 ч.з.